000 00734cam a2200205 4500
001 WB3608-04
008 000000n2000 000 0 eng u
035 _a(Sirsi) u104236
245 _aOne-stop address change system planned
260 _c2000
490 _aFinancial Times
_v 18 February 2000, 5(1)
520 _aGovernment (with the private sector) is planning to set up a system whereby UK citizens would be able to register their address changes at one place, and it would then get passed to all the other government departments.
590 _aWB
650 _aADDRESSES
650 _aGOVERNMENT
650 _aPRIVATE FUNDING
650 _aCHANGE OF ADDRESS
690 _aMANAGEMENT-BUSINESS MANAGEMENT
942 _n0
999 _c62551
_d62551